| 000 | 00717nam a22001577a 4500 | ||
|---|---|---|---|
| 003 | OSt | ||
| 005 | 20150920155621.0 | ||
| 008 | 150920b xxu||||| |||| 00| 0 eng d | ||
| 040 | _cRUA | ||
| 082 | _aAGR KIM 2006 BO33 Or.1 | ||
| 100 |
_9958 _aKIM, CHHAYA |
||
| 245 | _aComparing of organic fertilizer on green mustard at crop station of royal university of agriculture,(ការប្រៀបធៀបជីសរីរាង្គលើដំណាំស្ពៃខៀវនៅស្ថានីយ៍ពោសោធន៍ដំណាំ សាកលវិទ្យាល័យភូមិន្ធកសិកម្ម). | ||
| 260 |
_aphnom phen _bRUA _c2006 |
||
| 300 |
_aXii, 52p. _bill. _c29cm. |
||
| 942 |
_2ddc _cAGR |
||
| 999 |
_c922 _d922 |
||